|
|
|
|
| LEADER |
00000nab a2200000 a 4500 |
| 001 |
vtls000888394 |
| 003 |
SK-MaSNL |
| 005 |
20260304104849.0 |
| 008 |
250429c2002 xo 0 slo |
| 015 |
|
|
|a SNBRB2004/10-30089
|
| 035 |
|
|
|a CLN000239829
|
| 035 |
|
|
|a urn:nbn:sk:snk-abbxxm
|
| 035 |
|
|
|a (urnnbn)urn:nbn:sk:snk:ar-003qcg
|
| 035 |
|
|
|a (uuid)93c1e37d-0650-4513-9d49-1aaa1117b16b
|
| 040 |
|
|
|a SNKBUCL
|b slo
|c SNKBUCL
|e AACR2
|
| 041 |
0 |
|
|a slo
|
| 044 |
|
|
|a xo
|c SK
|
| 080 |
|
|
|a 821.162.4-1
|2 1997
|
| 100 |
1 |
|
|a Demočková, Silvia
|d 1975-
|4 aut
|9 1405458
|
| 245 |
1 |
0 |
|a A znova sa uvidíš v potoku ... ; Mníšky majú uhrančivé oči ...
|c Silvia Demočková
|
| 650 |
0 |
7 |
|a lyrické básne, slovenské
|2 snkbucl
|9 28980
|
| 655 |
|
7 |
|a články z novín a časopisov
|2 snkbucl
|9 267496
|
| 773 |
0 |
|
|t Dotyky
|g Roč. 14, č. 3-4 (2002), s. 123 123
|x 1210-2210
|
| 850 |
|
|
|a Slovenská národná knižnica
|
| 852 |
|
|
|a Slovenská národná knižnica
|
| 958 |
|
|
|a article15
|
| 958 |
|
|
|a OND
|
| 958 |
|
|
|a LX
|
| 958 |
|
|
|a EUIPO
|
| 992 |
|
|
|a RBX
|
| 999 |
|
|
|c 2853321
|d 2855251
|